000 00295nam a2200121Ia 4500
005 20251222144840.0
008 251222s9999||||xx |||||||||||||| ||spa||
082 _a848.9/C76A
100 _aContini, Giuliana
245 0 _aSeminario de Literatura
264 _bFondo Editorial UCSS
942 _cLIB
999 _c21184
_d21184